Discurso leído ante la Real Academia Española de Arqueología y Geografía del Príncipe Alfonso / (Record no. 161156)

MARC details
000 -LEADER
campo de control de longitud fija 01148nam a22002415i 4500
001 - NÚMERO DE CONTROL
campo de control 161156
003 - IDENTIFICADOR DE NÚMERO DE CONTROL
campo de control ES-MaACL
005 - FECHA Y HORA DE LA ÚLTIMA TRANSACCIÓN
campo de control 20230906212214.0
008 - DATOS DE LONGITUD FIJA--INFORMACIÓN GENERAL
campo de control de longitud fija 990528s1868 sp |||| | spa d
080 ## - NÚMERO DE LA CLASIFICACIÓN DECIMAL UNIVERSAL
Número de la Clasificación Decimal Universal 811.134.2(460.22)
080 ## - NÚMERO DE LA CLASIFICACIÓN DECIMAL UNIVERSAL
Número de la Clasificación Decimal Universal 811.134.2'373(460.28)
100 1# - ENTRADA PRINCIPAL--NOMBRE DE PERSONA
Nombre de persona Otín y Duaso, Francisco.
9 (RLIN) 130746
245 10 - MENCIÓN DEL TÍTULO
Título Discurso leído ante la Real Academia Española de Arqueología y Geografía del Príncipe Alfonso /
Mención de responsabilidad, etc. por Francisco Otín y Duaso, en el acto solemne de su recepción de académico de número de la misma.
260 ## - PUBLICACIÓN, DISTRIBUCIÓN, ETC.
Lugar de publicación, distribución, etc. Madrid :
Nombre del editor, distribuidor, etc. [s.n.],
Fecha de publicación, distribución, etc. 1868 (
Fabricante Alejandro Gómez Fuentenebro)
300 ## - DESCRIPCIÓN FÍSICA
Extensión 62 p. ;
Dimensiones 25 cm.
505 8# - NOTA DE CONTENIDO CON FORMATO
Nota de contenido con formato Contiene: Discurso de contestación por Mariano Nougués y Secall, p.39-62
594 ## - Nota al título y mención de responsabilidad
Nota al título y mención de responsabilidad Tema del discurso: El idioma de Aragón y de Castilla
650 #4 - PUNTO DE ACCESO ADICIONAL DE MATERIA--TÉRMINO DE MATERIA
Término de materia o nombre geográfico como elemento de entrada Lengua española-
Subdivisión geográfica Aragón.
9 (RLIN) 172887
650 #4 - PUNTO DE ACCESO ADICIONAL DE MATERIA--TÉRMINO DE MATERIA
Término de materia o nombre geográfico como elemento de entrada Lengua española-
Subdivisión general Uso.
9 (RLIN) 14192
700 1# - ENTRADA AGREGADA--NOMBRE PERSONAL
Nombre de persona Nougués Secall, Mariano.
9 (RLIN) 130529
710 2# - ENTRADA AGREGADA--NOMBRE DE ENTIDAD CORPORATIVA
Nombre de entidad corporativa o nombre de jurisdicción como elemento de entrada Real Academia Española de Arqueología y Geografía del Príncipe Alfonso.
9 (RLIN) 134778
852 4# - LOCALIZACIÓN
Ubicación ES-MaACL
Número de control de estantería T-95-F-8
Nota libre - Enc. hol., falto de cub. original
-- - Enc. en un vol. facticio
Holdings
Estatus retirado Estado de pérdida Estado de daño No para préstamo Colección Biblioteca de origen Biblioteca actual Ubicación en estantería Fecha de adquisición Total de préstamos Signatura topográfica completa Código de barras Visto por última vez Precio de reemplazo Tipo de ítem Koha
        Colección de folletos Biblioteca del Ateneo de Madrid Biblioteca del Ateneo de Madrid Depósito folletos 17/01/2008   T-95-F-8 1168795 23/02/2023 23/02/2023 Folleto